[Event "Moscow op-A 16th"]
[Site "Moscow"]
[Date "2020.01.29"]
[Round "5"]
[White "Bogaudinov, Rushan"]
[Black "Kyshtymov, Daniil"]
[Result "1/2-1/2"]
[WhiteElo "2027"]
[BlackElo "2199"]
[PlyCount "93"]
[EventDate "2020.01.25"]
[EventType "swiss"]
[EventRounds "9"]
[EventCountry "RUS"]
[SourceTitle "CBM 194 Extra"]
[Source "ChessBase"]
[SourceDate "2020.03.31"]
[SourceVersion "1"]
[SourceVersionDate "2020.03.31"]
[SourceQuality "1"]

1. d4 Nf6 2. Nf3 g6 3. g3 Bg7 4. Bg2 0-0 5. 0-0 d6 6. b3 Nbd7 7. Bb2 c6 8. c4 Re8 9. Nc3 e5 10. dxe5 dxe5 11. e4 Qe7 12. Qc2 Nc5 13. h3 a5 14. Ba3 Nfd7 15. Rad1 Bf8 16. h4 Qf6 17. Bc1 h6 18. Be3 Na6 19. Qc1 Kh7 20. Nh2 Ndc5 21. f4 exf4 22. Rxf4 Qe7 23. Rdf1 Be6 24. Qb1 Bg7 25. Ne2 Rad8 26. h5 g5 27. e5+ Kg8 28. Rf6 Nd7 29. Bd4 Nxe5 30. R6f2 Nb4 31. Bb6 Rd2 32. Nd4 Rxf2 33. Rxf2 Ng4 34. Re2 Nxh2 35. Kxh2 Qf6 36. Nxe6 Rxe6 37. Rxe6 Qxe6 38. Bxa5 Bf8 39. a3 Na6 40. Bc3 Qe2 41. Qf5 Qxh5+ 42. Bh3 Qe2+ 43. Kh1 Qd1+ 44. Bf1 Qh5+ 45. Kg1 Qg6 46. Qxg6+ fxg6 47. b4 1/2-1/2

[Event "Eurasia Cup op"]
[Site "Ekaterinburg"]
[Date "2019.08.05"]
[Round "5"]
[White "Kyshtymov, Daniil"]
[Black "Shubin, Kirill"]
[Result "0-1"]
[WhiteElo "2176"]
[BlackElo "2411"]
[PlyCount "104"]
[EventDate "2019.07.31"]
[EventType "swiss"]
[EventRounds "9"]
[EventCountry "RUS"]
[SourceTitle "CBM 191 Extra"]
[Source "ChessBase"]
[SourceDate "2019.09.30"]
[SourceVersion "1"]
[SourceVersionDate "2019.09.30"]
[SourceQuality "1"]

1. e4 c5 2. Nf3 Nf6 3. e5 Nd5 4. Nc3 Nxc3 5. dxc3 Nc6 6. Bf4 Qb6 7. b3 Qc7 8. Qd2 e6 9. Be2 h6 10. h4 a6 11. h5 b5 12. Rd1 Bb7 13. 0-0 Ne7 14. c4 bxc4 15. bxc4 g5 16. hxg6 Nxg6 17. Bh2 Bg7 18. Qe3 h5 19. Bd3 Bh6 20. Qe2 Rg8 21. Be4 Bf4 22. Bxb7 Qxb7 23. g3 Bh6 24. Rfe1 h4 25. Qe4 Qxe4 26. Rxe4 hxg3 27. Bxg3 Ne7 28. Rb1 Nf5 29. Kg2 Ke7 30. Rb3 Rg7 31. Nh4 Nd4 32. Rb2 Rag8 33. c3 Nf5 34. Nxf5+ exf5 35. Rh4 Bc1 36. Rc2 Bg5 37. Rh3 Bf4 38. Kf3 Bxg3 39. Rxg3 Rxg3+ 40. fxg3 Rg4 41. Rd2 Rxc4 42. Rd6 Rxc3+ 43. Kf4 Ra3 44. Rd5 Rxa2 45. Rxc5 Ke6 46. Rc8 Ra4+ 47. Kg5 Rg4+ 48. Kh5 Kxe5 49. Rc5+ d5 50. Ra5 Rxg3 51. Rxa6 d4 52. Kh4 Rg6 0-1

[Event "Moscow op-A 15th"]
[Site "Moscow"]
[Date "2019.01.30"]
[Round "5"]
[White "Agmanov, Zhandos"]
[Black "Kyshtymov, Daniil"]
[Result "1-0"]
[WhiteElo "2405"]
[BlackElo "2152"]
[PlyCount "67"]
[EventDate "2019.01.26"]
[EventType "swiss"]
[EventRounds "9"]
[EventCountry "RUS"]
[SourceTitle "CBM 188 Extra"]
[Source "ChessBase"]
[SourceDate "2019.02.26"]
[SourceVersion "1"]
[SourceVersionDate "2019.02.26"]
[SourceQuality "1"]

1. e4 e6 2. d4 d5 3. Nd2 Nf6 4. e5 Nfd7 5. c3 c5 6. Bd3 Nc6 7. Ne2 Qb6 8. Nf3 cxd4 9. cxd4 f6 10. exf6 Nxf6 11. 0-0 Bd6 12. Bf4 Bxf4 13. Nxf4 0-0 14. Re1 Qxb2 15. g3 a5 16. a4 Kh8 17. Ng5 Nxd4 18. Bxh7 Nxh7 19. Ng6+ Kg8 20. Qh5 Nf3+ 21. Nxf3 Qf6 22. Nxf8 Nxf8 23. Ne5 Bd7 24. Qg4 Be8 25. Rab1 Qf5 26. Qxf5 exf5 27. Rxb7 Bxa4 28. Rc1 Be8 29. Rcb1 Bh5 30. Rb8 Ra7 31. Rd8 Re7 32. f4 Re8 33. Rxe8 Bxe8 34. Rb8 1-0

[Event "Moscow op-A 15th"]
[Site "Moscow"]
[Date "2019.01.29"]
[Round "4"]
[White "Kyshtymov, Daniil"]
[Black "Obolentseva, Alexandra"]
[Result "1-0"]
[WhiteElo "2152"]
[BlackElo "2347"]
[PlyCount "43"]
[EventDate "2019.01.26"]
[EventType "swiss"]
[EventRounds "9"]
[EventCountry "RUS"]
[SourceTitle "CBM 188 Extra"]
[Source "ChessBase"]
[SourceDate "2019.02.26"]
[SourceVersion "1"]
[SourceVersionDate "2019.02.26"]
[SourceQuality "1"]

1. e4 c5 2. Nf3 d6 3. d4 cxd4 4. Nxd4 Nf6 5. Nc3 a6 6. Bg5 e6 7. f4 Nbd7 8. Qf3 Qc7 9. 0-0-0 b5 10. e5 Bb7 11. Qh3 dxe5 12. Nxe6 fxe6 13. Qxe6+ Be7 14. Bxb5 axb5 15. Nxb5 Qc6 16. Nd6+ Kd8 17. fxe5 Rf8 18. exf6 gxf6 19. Bf4 Ra4 20. Rhe1 Re8 21. Nxb7+ Qxb7 22. Rxd7+ 1-0

[Event "Moscow op-A 15th"]
[Site "Moscow"]
[Date "2019.01.26"]
[Round "1"]
[White "Gochelashvili, David"]
[Black "Kyshtymov, Daniil"]
[Result "0-1"]
[WhiteElo "2419"]
[BlackElo "2152"]
[PlyCount "66"]
[EventDate "2019.01.26"]
[EventType "swiss"]
[EventRounds "9"]
[EventCountry "RUS"]
[SourceTitle "CBM 188 Extra"]
[Source "ChessBase"]
[SourceDate "2019.02.26"]
[SourceVersion "1"]
[SourceVersionDate "2019.02.26"]
[SourceQuality "1"]

1. e4 e6 2. d4 d5 3. Nd2 Nf6 4. Bd3 c5 5. e5 Nfd7 6. c3 Nc6 7. Ne2 Qb6 8. Nf3 cxd4 9. cxd4 f6 10. exf6 Nxf6 11. 0-0 Bd6 12. a3 0-0 13. b3 e5 14. dxe5 Nxe5 15. Nfd4 Nxd3 16. Qxd3 Bd7 17. f3 Rae8 18. Rf2 Rxe2 19. Qxe2 Qxd4 20. Bb2 Qb6 21. b4 Ne4 22. fxe4 Bb5 23. Qd2 Rxf2 24. Qxd5+ Rf7+ 25. Bd4 Qc6 26. Bxa7 Qxd5 27. exd5 Rf5 28. a4 Bc4 29. b5 Rxd5 30. Rc1 Bb3 31. Rc8+ Kf7 32. Bb8 Bc5+ 33. Kf1 Bb6 0-1

[Event "St Petersburg Korchnoi Memorial op"]
[Site "St Petersburg"]
[Date "2018.08.15"]
[Round "1"]
[White "Kyshtymov, Daniil"]
[Black "Lazarev, Artem"]
[Result "1-0"]
[WhiteElo "2150"]
[BlackElo "1659"]
[PlyCount "117"]
[EventDate "2018.08.15"]
[EventType "swiss"]
[EventRounds "9"]
[EventCountry "RUS"]
[SourceTitle "CBM 186 Extra"]
[Source "ChessBase"]
[SourceDate "2018.08.24"]
[SourceVersion "1"]
[SourceVersionDate "2018.08.24"]
[SourceQuality "1"]

1. e4 c6 2. Nc3 d5 3. Nf3 dxe4 4. Nxe4 Nf6 5. Nxf6+ exf6 6. d4 Bg4 7. Be2 Bd6 8. Be3 Nd7 9. Qd2 Qc7 10. 0-0-0 Be6 11. Kb1 b5 12. h3 a5 13. g4 a4 14. Nh4 g6 15. f4 b4 16. f5 Bd5 17. Rhg1 b3 18. a3 bxc2+ 19. Qxc2 g5 20. Nf3 0-0 21. Nd2 Rfe8 22. Qc3 Rab8 23. Ka1 Bb3 24. Rc1 Nb6 25. Bf3 Qe7 26. Nxb3 axb3 27. Rge1 Bxa3 28. Bd2 Qa7 29. Qa5 Bxb2+ 30. Kxb2 Na4+ 31. Kb1 Qxd4 32. Rxe8+ Rxe8 33. Bc3 Qd3+ 34. Ka1 b2+ 35. Bxb2 Nxb2 36. Qc3 Qxc3 37. Rxc3 Na4 38. Rxc6 Re3 39. Bd5 Nc3 40. Bc4 Ne4 41. Rc8+ Kg7 42. Re8 Re1+ 43. Kb2 h6 44. Kc2 h5 45. Bd3 hxg4 46. hxg4 Rg1 47. Rxe4 Rg2+ 48. Be2 Rf2 49. Kd2 Rf4 50. Ke3 Rxe4+ 51. Kxe4 Kf8 52. Kd5 Kg7 53. Kd6 Kf8 54. Bb5 Kg7 55. Ke7 Kg8 56. Kxf6 Kf8 57. Bc4 Kg8 58. Bxf7+ Kf8 59. Bd5 1-0

[Event "Voronezh op-A 22nd"]
[Site "Voronezh"]
[Date "2018.06.16"]
[Round "5"]
[White "Kyshtymov, Daniil"]
[Black "Sukhareva, Evgenia"]
[Result "1/2-1/2"]
[WhiteElo "2032"]
[BlackElo "2234"]
[PlyCount "90"]
[EventDate "2018.06.12"]
[EventType "swiss"]
[EventRounds "9"]
[EventCountry "RUS"]
[SourceTitle "CBM 185 Extra"]
[Source "ChessBase"]
[SourceDate "2018.07.29"]
[SourceVersion "1"]
[SourceVersionDate "2018.07.29"]
[SourceQuality "1"]

1. e4 c5 2. Nf3 e6 3. d4 cxd4 4. Nxd4 a6 5. c4 Nf6 6. Nc3 Qc7 7. a3 b6 8. Be2 Bb7 9. Qd3 d6 10. f4 Nbd7 11. b4 Be7 12. 0-0 g6 13. Bb2 0-0 14. Rac1 Rac8 15. g4 e5 16. g5 Ne8 17. Nf3 Qd8 18. Nd5 exf4 19. Qd4 f6 20. Nxf4 Ng7 21. Rcd1 Kh8 22. Nd5 Bxd5 23. Qxd5 Qc7 24. Nd4 Ne5 25. Ne6 Nxe6 26. Qxe6 Rce8 27. gxf6 Bxf6 28. Qxd6 Qxd6 29. Rxd6 Nf3+ 30. Rxf3 Bxb2 31. Kg2 Rxf3 32. Bxf3 Rb8 33. Rd3 Rc8 34. Be2 Kg7 35. Rb3 Be5 36. Rd3 Bb2 37. a4 Be5 38. Rd5 Bc3 39. Rd6 Bxb4 40. Rxb6 a5 41. Rb7+ Kh6 42. Rd7 Rc6 43. Rd5 Kg7 44. Rd7+ Kh6 45. Rd5 Kg7 1/2-1/2

[Event "Voronezh op-A 22nd"]
[Site "Voronezh"]
[Date "2018.06.14"]
[Round "3"]
[White "Kyshtymov, Daniil"]
[Black "Yagupov, Igor"]
[Result "1/2-1/2"]
[WhiteElo "2032"]
[BlackElo "2359"]
[PlyCount "89"]
[EventDate "2018.06.12"]
[EventType "swiss"]
[EventRounds "9"]
[EventCountry "RUS"]
[SourceTitle "CBM 185 Extra"]
[Source "ChessBase"]
[SourceDate "2018.07.29"]
[SourceVersion "1"]
[SourceVersionDate "2018.07.29"]
[SourceQuality "1"]

1. e4 d6 2. d4 Nf6 3. Nc3 e5 4. Nf3 Nbd7 5. Bc4 Be7 6. 0-0 0-0 7. Bg5 c6 8. a4 a5 9. Qe2 exd4 10. Nxd4 Ne5 11. Bb3 Re8 12. Rad1 Bg4 13. f3 Bd7 14. Kh1 Qc7 15. Bf4 Ng6 16. Bxf7+ Kxf7 17. Qc4+ Kf8 18. Ndb5 Qc8 19. Nxd6 Be6 20. Qd4 Bxd6 21. Bxd6+ Kg8 22. f4 Rd8 23. Qe3 Bc4 24. Rfe1 Ne8 25. Bc5 Qg4 26. f5 Nf4 27. g3 Nh3 28. Be7 Rxd1 29. Rxd1 Nf6 30. Kg2 Re8 31. Bxf6 gxf6 32. Qd4 Bf7 33. e5 Bh5 34. exf6 Qxf5 35. Rf1 Qe6 36. Qh4 Bg6 37. f7+ Bxf7 38. Qxh3 Qg6 39. Qf5 Qxf5 40. Rxf5 Bg6 41. Rxa5 Bxc2 42. Ra7 Re7 43. a5 Kf7 44. Kf2 Bd3 45. Na4 1/2-1/2

[Event "Irkutsk Region-ch"]
[Site "Irkutsk"]
[Date "2017.10.22"]
[Round "3"]
[White "Domarovsky, Vasily"]
[Black "Kyshtymov, Daniil"]
[Result "0-1"]
[WhiteElo "1954"]
[BlackElo "2037"]
[PlyCount "120"]
[EventDate "2017.10.21"]
[EventType "swiss"]
[EventRounds "9"]
[EventCountry "RUS"]
[SourceTitle "CBM 181 Extra"]
[Source "ChessBase"]
[SourceDate "2017.12.12"]
[SourceVersion "1"]
[SourceVersionDate "2017.12.12"]
[SourceQuality "1"]

1. d4 Nf6 2. c4 g6 3. Nc3 Bg7 4. e4 d6 5. Nf3 0-0 6. Be2 e5 7. 0-0 Nc6 8. d5 Ne7 9. Nd2 Ne8 10. b4 f5 11. f3 f4 12. c5 g5 13. Nc4 Rf7 14. Ba3 Bf8 15. b5 b6 16. Nxe5 dxe5 17. d6 cxd6 18. cxd6 Ng6 19. Bc4 Nxd6 20. Bd5 Bb7 21. Be6 Kg7 22. Bxf7 Nxf7 23. Qxd8 Rxd8 24. Bxf8+ Nxf8 25. Rfd1 Ne6 26. Rxd8 Nfxd8 27. a4 Kf7 28. a5 Nc5 29. axb6 axb6 30. Rd1 Ke7 31. Kf1 Nde6 32. Ra1 Nd4 33. Ra7 Kd6 34. h3 h6 35. Ke1 Kc7 36. Ra2 Kb8 37. Kf2 Nce6 38. Na4 Kc7 39. Nc3 Nc5 40. Ra7 Kb8 41. Ra2 Bc8 42. Kg1 Be6 43. Rb2 Kb7 44. Rb4 Nc2 45. Rb2 Nd4 46. Rb4 Bb3 47. Nd5 Nd3 48. Rxb3 Nxb3 49. Ne7 Nd4 50. Ng8 Nxb5 51. Nxh6 Nd6 52. Ng8 Kc6 53. Kf1 Nc1 54. g3 fxg3 55. Kg2 Ne2 56. Nh6 b5 57. Ng4 Nc4 58. h4 gxh4 59. Kh3 Nf4+ 60. Kxh4 g2 0-1

[Event "Irkutsk Region-ch"]
[Site "Irkutsk"]
[Date "2017.10.22"]
[Round "2"]
[White "Kyshtymov, Daniil"]
[Black "Obolenskikh, Dmitry Aleksandrovi"]
[Result "0-1"]
[WhiteElo "2037"]
[BlackElo "2539"]
[PlyCount "88"]
[EventDate "2017.10.21"]
[EventType "swiss"]
[EventRounds "9"]
[EventCountry "RUS"]
[SourceTitle "CBM 181 Extra"]
[Source "ChessBase"]
[SourceDate "2017.12.12"]
[SourceVersion "1"]
[SourceVersionDate "2017.12.12"]
[SourceQuality "1"]

1. e4 g6 2. d4 Bg7 3. Nc3 d6 4. Be3 c6 5. Qd2 d5 6. 0-0-0 dxe4 7. Nxe4 Nd7 8. Bc4 Nb6 9. Bb3 a5 10. a3 a4 11. Ba2 Nd5 12. Bg5 Bf5 13. Ng3 Bg4 14. f3 Be6 15. c4 Ndf6 16. N1e2 Qa5 17. Nc3 Qxg5 18. Qxg5 Bh6 19. h4 Kf8 20. Kc2 Bxg5 21. hxg5 Ne8 22. Nge4 Bf5 23. g4 Bxe4+ 24. fxe4 f6 25. c5 Kg7 26. Rdf1 Rd8 27. gxf6+ exf6 28. Kd3 Nh6 29. Rhg1 Nc7 30. Nxa4 Nb5 31. d5 Nf7 32. d6 Ng5 33. Rg3 Rhe8 34. Re1 Re5 35. Rge3 b6 36. b4 bxc5 37. bxc5 Nxa3 38. Kc3 Nb5+ 39. Kb4 Rb8 40. Nb6 Nxd6 41. Rd3 Ndxe4 42. Rd7+ Kf8 43. Bb1 Nxc5 44. Rxe5 Nxd7 0-1

[Event "Irkutsk Summer op"]
[Site "Irkutsk"]
[Date "2017.07.29"]
[Round "8"]
[White "Vasyukov, Arkady"]
[Black "Kyshtymov, Daniil"]
[Result "1-0"]
[WhiteElo "1836"]
[BlackElo "2071"]
[PlyCount "107"]
[EventDate "2017.07.23"]
[EventType "swiss"]
[EventRounds "9"]
[EventCountry "RUS"]
[SourceTitle "EXT 2018"]
[Source "ChessBase"]
[SourceDate "2017.10.13"]
[SourceVersion "1"]
[SourceVersionDate "2017.10.13"]
[SourceQuality "1"]

1. e4 e6 2. d4 d5 3. exd5 exd5 4. Be3 Nf6 5. Bd3 Bd6 6. Nf3 Bg4 7. Nbd2 c6 8. 0-0 0-0 9. h3 Bh5 10. c3 Re8 11. Qc2 Nbd7 12. Rfe1 Qc7 13. Nh4 Bh2+ 14. Kh1 Bf4 15. Bxf4 Qxf4 16. Nhf3 Nf8 17. Kg1 Bxf3 18. Nxf3 Ne4 19. Bxe4 dxe4 20. Ne5 f6 21. Qb3+ Ne6 22. Nd3 exd3 23. Rxe6 Kf8 24. Qb4+ Kf7 25. Rxe8 Rxe8 26. Qc4+ Re6 27. Qxd3 f5 28. Rd1 Rd6 29. Re1 Kf6 30. Qe2 Kg6 31. Qe8+ Kh6 32. Qe7 Rg6 33. Qe3 Qxe3 34. Rxe3 b5 35. Re7 a5 36. Re5 Kg5 37. a4 Kf4 38. g3+ Kg5 39. axb5 cxb5 40. Rxb5 a4 41. d5 Rd6 42. f4+ Kf6 43. c4 Kf7 44. Kf2 Ra6 45. Rb7+ Kf8 46. c5 Ra5 47. c6 Ke8 48. d6 Rd5 49. Rb8+ Kf7 50. c7 Ke6 51. c8Q+ Kxd6 52. Rb6+ Ke7 53. Re6+ Kf7 54. Qe8# 1-0

[Event "Irkutsk Summer op"]
[Site "Irkutsk"]
[Date "2017.07.24"]
[Round "3"]
[White "Korotkykh, Yan"]
[Black "Kyshtymov, Daniil"]
[Result "0-1"]
[WhiteElo "1634"]
[BlackElo "2071"]
[PlyCount "62"]
[EventDate "2017.07.23"]
[EventType "swiss"]
[EventRounds "9"]
[EventCountry "RUS"]
[SourceTitle "EXT 2018"]
[Source "ChessBase"]
[SourceDate "2017.10.13"]
[SourceVersion "1"]
[SourceVersionDate "2017.10.13"]
[SourceQuality "1"]

1. d4 Nf6 2. Nf3 g6 3. c4 Bg7 4. Nc3 0-0 5. e4 d6 6. Be2 Nbd7 7. 0-0 e5 8. d5 Nc5 9. Qc2 a5 10. b3 Ne8 11. Rb1 f5 12. Nd2 Bh6 13. a3 Bxd2 14. Bxd2 f4 15. b4 axb4 16. axb4 Nd7 17. Na4 Qh4 18. f3 g5 19. Be1 Qh5 20. h3 Qg6 21. c5 h5 22. c6 Ndf6 23. cxb7 Bxb7 24. Qd1 g4 25. Kh2 Kh8 26. Bd2 gxh3 27. Rg1 Qg3+ 28. Kh1 Rg8 29. Bf1 h2 30. Be1 hxg1Q+ 31. Kxg1 Qg5 0-1

[Event "Irkutsk Summer op"]
[Site "Irkutsk"]
[Date "2017.07.23"]
[Round "1"]
[White "Nikolaev, Ruslan"]
[Black "Kyshtymov, Daniil"]
[Result "0-1"]
[WhiteElo "1359"]
[BlackElo "2071"]
[PlyCount "40"]
[EventDate "2017.07.23"]
[EventType "swiss"]
[EventRounds "9"]
[EventCountry "RUS"]
[SourceTitle "EXT 2018"]
[Source "ChessBase"]
[SourceDate "2017.10.13"]
[SourceVersion "1"]
[SourceVersionDate "2017.10.13"]
[SourceQuality "1"]

1. Nf3 Nf6 2. b3 g6 3. Bb2 Bg7 4. e4 d6 5. d3 0-0 6. Be2 e5 7. 0-0 Nc6 8. Nbd2 Nh5 9. c3 f5 10. d4 fxe4 11. Nxe4 d5 12. Ng3 e4 13. Nd2 Nf4 14. Bb5 Qg5 15. Bxc6 bxc6 16. Nb1 Ba6 17. Re1 Nd3 18. Re2 h5 19. h4 Qxh4 20. Nh1 Qg4 0-1

[Event "Irkutsk-ch"]
[Site "Irkutsk"]
[Date "2017.02.04"]
[Round "1"]
[White "Kyshtymov, Daniil"]
[Black "Ergeshov, Timur"]
[Result "0-1"]
[WhiteElo "1992"]
[BlackElo "2301"]
[PlyCount "120"]
[EventDate "2017.02.04"]
[EventType "swiss"]
[EventRounds "9"]
[EventCountry "RUS"]
[SourceTitle "CBM 177 Extra"]
[Source "ChessBase"]
[SourceDate "2017.04.27"]
[SourceVersion "1"]
[SourceVersionDate "2017.04.27"]
[SourceQuality "1"]

1. e4 c5 2. Nf3 d6 3. Bb5+ Bd7 4. Bxd7+ Qxd7 5. 0-0 Nf6 6. Re1 Nc6 7. c3 e6 8. d4 cxd4 9. cxd4 d5 10. e5 Ne4 11. Nbd2 Nxd2 12. Bxd2 Be7 13. Qb3 0-0 14. Rac1 Rfc8 15. a3 h6 16. h3 Bd8 17. Qd3 Bb6 18. b4 Ne7 19. b5 a6 20. Bb4 Ng6 21. bxa6 bxa6 22. Rxc8+ Qxc8 23. Qd2 a5 24. Rc1 Qa6 25. Bc5 Bd8 26. Rb1 Rc8 27. Qb2 Be7 28. Qb5 Qa8 29. Bxe7 Nxe7 30. Qd7 Ng6 31. Rb7 Rf8 32. Ra7 Qb8 33. Rb7 Qc8 34. Qxc8 Rxc8 35. Ra7 Nf4 36. Rxa5 Nd3 37. Rb5 Rc1+ 38. Kh2 Nxf2 39. g4 Rc3 40. Kg2 Nxh3 41. Rb8+ Kh7 42. Rb7 Nf4+ 43. Kg3 Nd3 44. Rxf7 Rxa3 45. Kg2 Ra2+ 46. Kg3 Nc1 47. g5 Ne2+ 48. Kg4 Kg6 49. Re7 h5+ 50. Kh3 Ra6 51. Kg2 Nc3 52. Kg3 Ne2+ 53. Kf2 Nf4 54. Kg3 Nd3 55. Nh4+ Kh7 56. Re8 Ra3 57. Kg2 Nf4+ 58. Kf2 Nh3+ 59. Kg2 Nxg5 60. Re7 Rh3 0-1